Online searching: a dictionary and bibliographic guide (Record no. 530)
[ view plain ]
| 000 -LEADER | |
|---|---|
| fixed length control field | 00696nam a2200217Ia 4500 |
| 020 ## - INTERNATIONAL STANDARD BOOK NUMBER | |
| ISBN | 0-87287-381-1 |
| 082 ## - DEWEY DECIMAL CLASSIFICATION NUMBER | |
| Classification number | RR 025.04 BYE-O |
| 100 ## - MAIN ENTRY--AUTHOR NAME | |
| Personal name | Byerly, Greg |
| 245 #0 - TITLE STATEMENT | |
| Title | Online searching: a dictionary and bibliographic guide |
| 260 ## - PUBLICATION, DISTRIBUTION, ETC. (IMPRINT) | |
| Place of publication | Colorado |
| Name of publisher | LIbraries Unlimited |
| Year of publication | 1983 |
| 300 ## - PHYSICAL DESCRIPTION | |
| Number of Pages | 288p. |
| 504 ## - BIBLIOGRAPHY, ETC. NOTE | |
| Bibliography, etc | Includes bibliography, index |
| 650 ## - SUBJECT ADDED ENTRY--TOPICAL TERM | |
| Topical Term | Bibliographic searching, Online |
| 650 ## - SUBJECT ADDED ENTRY--TOPICAL TERM | |
| Topical Term | Electronic information resource searching - Bibliography |
| 650 ## - SUBJECT ADDED ENTRY--TOPICAL TERM | |
| Topical Term | Information retrieval |
| 650 ## - SUBJECT ADDED ENTRY--TOPICAL TERM | |
| Topical Term | Electronic information resource searching - Dictionaries |
| 650 ## - SUBJECT ADDED ENTRY--TOPICAL TERM | |
| Topical Term | Online searching |
| 650 ## - SUBJECT ADDED ENTRY--TOPICAL TERM | |
| Topical Term | Online bibliographic searching |
| 650 ## - SUBJECT ADDED ENTRY--TOPICAL TERM | |
| Topical Term | Library science |
| 942 ## - ADDED ENTRY ELEMENTS (KOHA) | |
| Koha item type | Books |
| Withdrawn status | Lost status | Damaged status | Not for loan | Home library | Current library | Date acquired | Bill Date | Full call number | Accession Number | Price effective from | Koha item type |
|---|---|---|---|---|---|---|---|---|---|---|---|
| NASSDOC Library | NASSDOC Library | 08/06/2004 | 2004-10-22 | RR 025.04 BYE-O | 16784 | 18/04/2019 | Books |
